1536 1316 1199 1075 1378 1825 1277 1935 1677 1860 1578 1712 1568 1311 1139 1142 1613 1918 1657 1929 1160 1090 1679 1322 1323 1062 1697 1085 1744 1034 1592 1559 1635 1015 1470 1327 1698 1068 1442 1733 1573 1666 1568 1534 1147 1195 1746 1944 1232 1673 1905 1333 1417 1980 1792 1624 1506 1634 1040 1386 1738 1928 1336 1865 1832 1270 1538 1338 1004 1815 1029 1160 1727 1609 1963 1955 1576 1184 1754 1480 1587 1321 1353 1080 1978 1153 1332 1542 1107 1827 1146 1771 1664 1635 1003 1003 1865 1716 1985 BCNSPRNW ULIB Ver.6.0+V

เปลี่ยนเป็นภาษาไทย

Change to English
 แสดงรายละเอียดบรรณานุกรม
  กลับหน้าหลัก

Brief Record : Get Marc (ISO 2709) : E-mail record : QR code < ปิดหน้าต่าง
LEADER : 00000nam 2200000uu 4500
001    13399114302
003     ULIB
008    120321s2553||||th 000 0 tha d
020    ^a9786160601356
090    ^aนว.^bร155ค 2553
100 0  ^aรวมนักเขียน
245 00 ^aความรู้สึกดีที่เรียกว่ารัก : รวมนักเขียน/^cรวมนักเขียน
250    ^aพิมพ์ครั้งที่ 2
260    ^aกรุงเทพฯ :^bแจ่มใส,^c2553
300    ^a278 หน้า
710 1  ^aแจ่มใส
945    ^p169^l0^i17085
995    ^aกัณชพร
999    ^aใช้งานได้ทุกระบบ
รายการนี้ยังไม่มีแท็ก
คุณยังไม่ได้ล็อกอิน คุณสามารถมีกิจกรรมร่วมกับเว็บไซต์ได้ แต่ต้องล็อกอินก่อน ::
  ล็อกอิน

รายการสื่อสารสนเทศ

ลำดับที่ ประเภท เลขเรียก/บาร์โค้ด สถานที่ สถานะ
1. นวนิยาย
นวนิยาย
นว. ร155ค 2553  
  Barcode: 17085
ห้องสมุดวิทยาเขตสวรรค์ประชารักษ์
►นวนิยาย
บนชั้น
  ขอยืม

รายการใกล้เคียง
    ผู้แต่ง [รวมนักเขียน]

BibComment


ยังไม่เคยถูกคอมเมนท์

คอมเมนท์ทรัพยากรรายการนี้
  คอมเมนท์: ความรู้สึกดีที่เ..


 Copyright 2026. Bcnsprnw @Library